000 00648nam a2200181Ia 4500
003 GCL
008 140319s9999 xx 000 0 ara d
040 _aGCL /
_cGCL
082 0 4 _a891.62
_bا ق
100 1 _aاوكونور, جوزيف
245 1 0 _aالقيثارة الحديدية /
_cاوكونور, جوزيف
700 1 _aعزيز مترى عبدالملك \\=aفريد عبدالرحمنv
490 _aروائع المسرح العالمى
_v0
650 0 4 _aالادب الايرلندى
650 0 4 _aالمسرحيات الايرلندية
650 0 4 _aالمسرحيات الايرلندية المترجمة
942 _2ddc
_cBK
999 _c42233
_d42233